000
00228nam a22000857a 4500
008
160824b xxu||||| |||| 00| 0 eng d
100
_9
238
_a
Shamsi, K.N., et al
245
_a
Computers Update - 4
260
_a
New Delhi
_b
Cordova
_c
2006
999
_c
2893
_d
2893